| Tag |
First Indicator |
Second Indicator |
Subfields |
| LEADER |
00000cam a2200000 4500 |
| 001 |
in00000336913 |
| 005 |
20151011052805.0 |
| 008 |
731010s1973 dcua b 00000 eng |
| 010 |
|
|
|a 73084865
|
| 035 |
|
|
|a (OCoLC)00730965
|
| 035 |
|
|
|9 ABL4968AM
|
| 040 |
|
|
|a DLC
|c DLC
|d TXA
|d UtOrBLW
|
| 049 |
|
|
|a TXAM
|c [1164928]
|
| 050 |
0 |
0 |
|a HF5549.5.T7
|b V27
|
| 082 |
0 |
|
|a 658.3
|
| 100 |
1 |
|
|a Van Maanen, John.
|
| 245 |
1 |
4 |
|a The process of program evaluation :
|b a guide for managers.
|
| 264 |
|
1 |
|a Washington :
|b National Training and Development Service Press,
|c [1973]
|
| 300 |
|
|
|a 78 pages :
|b illustrations ;
|c 23 cm.
|
| 336 |
|
|
|a text
|b txt
|2 rdacontent
|
| 337 |
|
|
|a unmediated
|b n
|2 rdamedia
|
| 338 |
|
|
|a volume
|b nc
|2 rdacarrier
|
| 504 |
|
|
|a Bibliography: pages 75-78.
|
| 650 |
|
0 |
|a Employees
|x Training of
|x Evaluation.
|
| 999 |
|
|
|a MARS
|
| 999 |
f |
f |
|s 2eb4241c-af1e-3ec7-a31c-1f28210bdcd6
|i 7af83041-b648-36fd-9e75-95f75f6c1aaf
|t 0
|
| 952 |
f |
f |
|p ric
|a Texas A&M University
|b Rellis Campus
|c Joint Library Facility
|d Remote Storage
|t 0
|e HF5549.5.T7 V27
|h Library of Congress classification
|i unmediated -- volume
|m A14802825885
|
| 998 |
f |
f |
|a HF5549.5.T7 V27
|t 0
|l Remote Storage
|